| 000 | 00796nam a22002177a 4500 | ||
|---|---|---|---|
| 005 | 20251216015949.0 | ||
| 008 | 221222b |||||||| |||| 00| 0 eng d | ||
| 020 | _a978-971-9905-81-3 | ||
| 082 | _aFil. 641.594 C277 2014 | ||
| 100 |
_aCariño, Celia E. _eauthor _97 |
||
| 245 |
_aWestern cuisine / _cCelia E. Cariño, Enrique R. Luces, Reynaldo H. Cavandang Jr. |
||
| 260 |
_aManila: _bMindshapers, _cc2014. |
||
| 300 |
_ax, 374p.; _bill. |
||
| 504 | _aIncludes bibliographical references | ||
| 505 | _aCover tittle: Western cuisine: French, Italian, Spanish, German, Greek, Russian, Swiss, Australian | ||
| 541 | _e4241 c.1, 4383 c.2 | ||
| 650 |
_aCooking _98 |
||
| 650 |
_aWestern cooking _99 |
||
| 700 |
_aLuces, Enrique R. _eauthor _910 |
||
| 700 |
_aCavandang, Reynaldo H. _eauthor _911 |
||
| 999 |
_c422 _d422 |
||